Hridayanetri : (Record no. 144938)

MARC details
000 -LEADER
fixed length control field 00562nam a22001817a 4500
010 ## - LCCN (DPL NO)
LC control number ENG-120709
020 ## - INTERNATIONAL STANDARD BOOK NUMBER
Terms of availability 150.00
International Standard Book Number 9788126025626
035 ## - SYSTEM CONTROL NUMBER
System control number EN-104241
037 ## - SOURCE OF ACQUISITION
Source of stock number/acquisition DBAD/PUB
082 ## - DEWEY DECIMAL CLASSIFICATION NUMBER
Classification number N
100 ## - MAIN ENTRY--PERSONAL NAME
Personal name Chendur, Malati
245 ## - TITLE STATEMENT
Title Hridayanetri :
Statement of responsibility, etc by Malati Chendur; translated by B. Parvathi
Remainder of title sahitya akademi award winning telgue novel /
260 ## - PUBLICATION, DISTRIBUTION, ETC. (IMPRINT)
Place of publication, distribution, etc New Delhi
Name of publisher, distributor, etc Sahitya Akademi
Date of publication, distribution, etc 2008
270 ## - ADDRESS
Address Rabindra Bhavan, 35, Feroze Shah Road,
City Delhi
Postal code 110001
300 ## - PHYSICAL DESCRIPTION
Extent 227p.
Other physical details 23cm(Hb).
700 ## - ADDED ENTRY--PERSONAL NAME
Personal name Parvathi, B.
942 ## - ADDED ENTRY ELEMENTS (KOHA)
Source of classification or shelving scheme Dewey Decimal Classification
Item type English Books
Classification part N
Call number suffix CHE
Holdings
Withdrawn status Lost status Not for loan Collection code Home library Current library Date acquired Source of acquisition Cost, normal purchase price Full call number Barcode Copy number Cost, replacement price Koha item type
      Non-fiction Ashok Vihar Ashok Vihar 19/09/2017 DBAD/PUB 895.00 250.082 KAU EN-104241 1 895.00 English Books

© Delhi Public Library
Hit Counter
free hit counter